00222nam a2200097Ia 4500008004100000041000800041082001000049100001700059245002200076260002600098231212s1980 xx 000 0 und d aeng a515.4 aFetisov A.I. aProof in Geometry aMascowbMir Pubc1980